Sports Quiz

Random Sports Quiz

Athlete Name Changes Quiz Stats

 Plays Quiz not verified by Sporcle

Challenge
Share
Tweet
Embed
Score 0/11 Timer 02:00
0 Plays Today
Former Name New Name % Correct
Ron ArtestMetta World Peace
95.3%
Chad JohnsonChad Ochocinco
88.4%
Lloyd B. FreeWorld B. Free
86%
Maurice DrewMaurice Jones-Drew
69.8%
Marvin HaglerMarvelous Marvin Hagler
44.2%
Mark DuperMark Super Duper
32.6%
John Paul BonserBoof Bonser
25.6%
Johan SantanaErvin Santana
20.9%
Jose GonzalezJose Uribe
9.3%
Karim Abdul-JabbarAbdul-Karim al-Jabbar
7%
Mike JeffersonMike Danton
7%

You're not logged in!

Compare scores with friends on all Sporcle quizzes.
OR
Log In

You Might Also Like...

Show Comments

Extras

Top Quizzes Today


Score Distribution

Your Account Isn't Verified!

In order to create a playlist on Sporcle, you need to verify the email address you used during registration. Go to your Sporcle Settings to finish the process.

Report this User

Report this user for behavior that violates our Community Guidelines.

Details: